BLACKPINK - Une lettre, une chanson - Statistiques

Statistiques générales
  • Ce quiz a été pris 539 fois
    62 depuis la dernière actualisation
  • Le résultat moyen est 14 sur 18
Statistiques - réponses
Lettres Chansons % Correct
K Kick It / Kill This Love
96%
B Bet You Wanna / BOOMBAYAH
92%
P Pink Venom / PLAYING WITH FIRE / Pretty Savage
90%
D DDU-DU DDU-DU / Don't Know What to Do
86%
I Ice Cream
84%
L Lovesick Girls / Love to Hate Me
84%
S See U Later / Shut Down / STAY
84%
H The Happiest Girl / Hard to Love / Hope Not / How You Like That
84%
J Jump
82%
G THE GIRLS / Go
82%
A As If It's Your Last
80%
F Forever Young / Fxxxboy
78%
C Champion / Crazy Over You
74%
W WHISTLE
74%
T Typa Girl / Tally
72%
M Me and My
62%
Y Yeah Yeah Yeah / You Never Know
62%
R Ready For Love / Really
60%
Aucun quiz correspondant
Distribution des résultats
% des personnes avec chaque résultat
Percentile par nombre de réponses
Votre historique - résultats
Vous n’avez pas pris ce quiz depuis la dernière actualisation